Κοινωνική ανθρωπολογία
Saved in:
| Main Author: | |
|---|---|
| Format: | Book |
| Language: | Greek English |
| Published: |
Αθήνα :
Καρδαμίτσας,
1998.
|
| Edition: | 3η έκδ. |
| Subjects: | |
| Tags: |
Add Tag
No Tags, Be the first to tag this record!
|
MARC
| LEADER | 00000cam a2200000 i 4500 | ||
|---|---|---|---|
| 001 | 1/14121 | ||
| 008 | 110707s1998 gr | ||| |||| ||gre|| | ||
| 035 | |l 10110458 | ||
| 040 | |a GR-MyUA |b gre |e AACR2 | ||
| 041 | 1 | |a gre |h eng | |
| 082 | 0 | |a 306 |2 (21) | |
| 100 | 1 | |a Evans-Pritchard, E. E. |q (Edward Evan), |d 1902-1973. | |
| 245 | 1 | 0 | |a Κοινωνική ανθρωπολογία / |c E.E. Evans-Pritchard ; μετάφραση Αριστέα Παρίση. |
| 250 | |a 3η έκδ. | ||
| 260 | |a Αθήνα : |b Καρδαμίτσας, |c 1998. | ||
| 300 | |a 173 σ. ; |c 21 εκ. | ||
| 500 | |a Πρώτη έκδοση 1987, δέυτερη έκδοση 1991 διορθωμένη. | ||
| 504 | |a Βιβλιογραφία: σ. 169-173. | ||
| 650 | 0 | 0 | |a Anthropology. |
| 650 | 0 | 0 | |a Ethnology. |
| 765 | 0 | 8 | |i Μετάφραση του: |t Social anthropology / |
| 852 | |a INST |b LESVOS |e 20110711 |h 306 EVA |p 005100049844 |q 005100049844 |t BK |y 0 | ||
| 852 | |a INST |b LESVOS |e 20110707 |h 306 EVA |p 005100050256 |q 005100050256 |t BK |y 0 | ||
| 852 | |a INST |b SYROS |e 20131202 |h 306 EVA |p 005500011152 |q 005500011152 |t BK |y 0 | ||
| 901 | |a BIBL5-2013-1 | ||
| 901 | |a BIBL1-2011-2 | ||
| 920 | |a ΦΟΙΤΗΤΙΚΗ ΜΕΡΙΜΝΑ |y Λέσβος |z 2011-04 | ||
| 970 | |a ΤΖΑΦΕΡΗ |b ΕΥΑΓΓΕΛΙΑ |z 2011/07/07 | ||